[Event "Corona Open"]
[Site "Biel/Bienne"]
[Date "2020.07.22"]
[Round "3.27"]
[White "Norden, Marc"]
[Black "Bonferroni, Thierry"]
[Result "1/2-1/2"]
[WhiteElo "1690"]
[BlackElo "1964"]
[PlyCount "104"]
[EventDate "2020.07.20"]
[EventCountry "SUI"]
[SourceVersionDate "2020.07.21"]

1. d4 Nf6 2. Nf3 b6 3. g3 Bb7 4. Bg2 g6 5. c4 Bg7 6. Nc3 Ne4 7. O-O O-O 8. Qc2
f5 9. Ng5 Bxd4 10. Ncxe4 fxe4 11. Bxe4 Bxe4 12. Qxe4 Nc6 13. Qd5+ Kg7 14. Ne6+
dxe6 15. Qxc6 Bxf2+ 16. Rxf2 Qd1+ 17. Kg2 Rxf2+ 18. Kxf2 Rf8+ 19. Ke3 Qg1+ 20.
Kd3 Rd8+ 21. Kc3 Qe1+ 22. Kb3 Qxe2 23. Qxc7 Qd3+ 24. Ka4 b5+ 25. Ka5 Kg8 26.
Qxe7 Rd7 27. Qxe6+ Rf7 28. Qd5 Qf1 29. c5 b4 30. b3 a6 31. Qc4 Qf6 32. Rb1 Qf5
33. Rb2 Kg7 34. Bf4 Rb7 35. Qd4+ Kf7 36. Qc4+ Kg7 37. Ka4 Qf6 38. Re2 Qc6+ 39.
Ka5 Rb5+ 40. Ka4 Rxc5+ 41. Kxb4 a5+ 42. Kc3 Rxc4+ 43. bxc4 Qf3+ 44. Re3 Qf2 45.
a3 Kf6 46. h4 Qa2 47. Kd4 Qb2+ 48. Kd5 Qb7+ 49. Kd6 Qb6+ 50. Kd5 Qb7+ 51. Kd6
Qa6+ 52. Kd5 Qb7+ 1/2-1/2

[Event "Corona Open"]
[Site "Biel/Bienne"]
[Date "2020.07.22"]
[Round "3.28"]
[White "Franssen, Roland"]
[Black "Perreard, Nicolas"]
[Result "0-1"]
[WhiteElo "1632"]
[BlackElo "1956"]
[PlyCount "40"]
[EventDate "2020.07.20"]
[EventCountry "SUI"]
[SourceVersionDate "2020.07.21"]

1. d4 Nf6 2. Nf3 d5 3. c4 e6 4. g3 c6 5. Bg2 Be7 6. O-O O-O 7. Nbd2 b6 8. b3
Ba6 9. Bb2 Nbd7 10. Re1 Rc8 11. e4 c5 12. Rc1 dxc4 13. Nxc4 cxd4 14. Bxd4 Bxc4
15. bxc4 Nc5 16. e5 Nfd7 17. Qe2 Qc7 18. Nd2 Rfd8 19. f4 Nb8 20. Nb3 Nxb3 0-1

[Event "Corona Open"]
[Site "Biel/Bienne"]
[Date "2020.07.22"]
[Round "3.29"]
[White "Briand, Amaury"]
[Black "Paholok, Igor"]
[Result "1-0"]
[WhiteElo "1929"]
[BlackElo "1676"]
[PlyCount "57"]
[EventDate "2020.07.20"]
[EventCountry "SUI"]
[SourceVersionDate "2020.07.21"]

1. e4 e6 2. d4 d5 3. Nc3 Nf6 4. Bd3 a6 5. Bg5 Be7 6. Nf3 Nxe4 7. Nxe4 dxe4 8.
Bxe7 Qxe7 9. Bxe4 Bd7 10. O-O Bc6 11. d5 Bb5 12. Re1 Nd7 13. a4 Bc4 14. b3 f5
15. dxe6 Nf6 16. Bxb7 Rd8 17. Bc6+ Kf8 18. Qxd8+ Qxd8 19. e7+ Qxe7 20. Rxe7
Kxe7 21. bxc4 Kd6 22. Bb7 a5 23. Nd4 g6 24. Nb3 Rb8 25. c5+ Ke5 26. Re1+ Ne4
27. Bxe4 fxe4 28. f3 Rb4 29. Rxe4+ 1-0

[Event "Corona Open"]
[Site "Biel/Bienne"]
[Date "2020.07.22"]
[Round "3.30"]
[White "Fluekiger, Kurt"]
[Black "Prieb, Robert"]
[Result "0-1"]
[WhiteElo "1602"]
[BlackElo "1918"]
[PlyCount "112"]
[EventDate "2020.07.20"]
[EventCountry "SUI"]
[SourceVersionDate "2020.07.21"]

1. e4 c5 2. Bc4 e6 3. Nf3 d5 4. exd5 exd5 5. Bb5+ Nd7 6. O-O Bd6 7. d4 c4 8.
Nc3 Ne7 9. Bg5 f6 10. Bd2 a6 11. Bxd7+ Bxd7 12. Re1 O-O 13. b3 b5 14. bxc4 bxc4
15. Qe2 Qc7 16. Rab1 Rae8 17. Qd1 Bg4 18. h3 Bh5 19. g3 Bxg3 20. Rxe7 Bxf2+ 21.
Kxf2 Qxe7 22. Nxd5 Qe4 23. Nc7 Rc8 24. Nxa6 Bxf3 25. Qxf3 Qxc2 26. Qd1 Qxa2 27.
Nb4 Qa3 28. Kg2 c3 29. Bc1 Qa8+ 30. Kg3 Qb8+ 31. Bf4 c2 32. Bxb8 cxd1=Q 33.
Rxd1 Rc3+ 34. Kg2 Rxb8 35. Na6 Rb2+ 36. Kg1 Rg3+ 37. Kf1 Rxh3 38. Kg1 Rhh2 39.
d5 Rbg2+ 40. Kf1 Rh1+ 41. Kxg2 Rxd1 42. Nc7 h5 43. Kg3 g5 44. Ne8 Rd3+ 45. Kg2
Kf7 46. Nd6+ Kg6 47. Nc8 g4 48. Kh2 Kg5 49. Ne7 Rd2+ 50. Kg1 h4 51. Nc6 Rxd5
52. Nb4 Rd1+ 53. Kh2 g3+ 54. Kg2 Rd2+ 55. Kg1 h3 56. Kh1 Rd1# 0-1